| 000 | 00687cam a22002291 4500 | ||
|---|---|---|---|
| 001 | ca 36000364 | ||
| 003 | DLC | ||
| 005 | 20260227111141.0 | ||
| 008 | 790327s1936 xx 000 0 eng | ||
| 010 | _aca 36000364 | ||
| 035 | _a(OCoLC)4786012 | ||
| 040 |
_aDLC _cOCl _dDLC |
||
| 050 | 0 | 0 |
_aPS3507.A57 _bT85 1936 |
| 082 | _a812.5 | ||
| 100 | 1 | _aDane, Essex. | |
| 245 | 1 | 0 |
_aTwenty years later; _ba play for ten women, in one act, _cby Essex Dane. |
| 260 |
_aBoston, Mass., _aLos Angeles, Cal. _b[Walter H. Baker company, _cc1936] |
||
| 300 |
_a2 p. l., [3]-59 p. _bdiagr. _c19 cm. |
||
| 490 | 0 | _aBaker's royalty plays | |
| 500 | _aSong with music: p. 59. | ||
| 650 | 0 |
_aWomen _vDrama. |
|
| 999 |
_c18071 _d18071 |
||